[Event "Lozovatsky Memorial-B 2020"]
[Site "Chelyabinsk"]
[Date "2020.01.20"]
[Round "6.8"]
[White "Nugumanov, Bakhtiyar"]
[Black "Sitnikov, Anton"]
[Result "1/2-1/2"]
[WhiteElo "2389"]
[BlackElo "2406"]
[Annotator "TA"]
[PlyCount "81"]
[EventDate "2020.01.15"]
[EventType "tourn"]
[EventCountry "RUS"]
[SourceTitle "playchess.com"]
[Source "ChessBase"]
[SourceQuality "1"]

{[%evp 9,81,39,40,26,74,49,59,50,43,54,50,42,50,8,19,14,2,0,0,-2,14,0,0,-12,49,39,41,0,22,18,17,18,36,14,16,-11,-18,-204,-195,-177,-224,-197,-220,-178,-115,-136,-108,-222,-122,-120,-17,-17,-18,-18,-20,-13,-23,-33,0,-12,105,105,103,96,115,38,218,10,10,18,12,11,16,4]} 1. Nf3 g6 2. e4 Bg7 3. d4 d6 4. c3 Nd7 5. Bd3 e5 6. O-O {B06: Modern Defence} Nh6 (6... Ne7 7. Nbd2 O-O 8. a4 h6 9. Qc2 exd4 10. cxd4 Nc6 11. Nb3 Nb4 12. Qd1 Nxd3 13. Qxd3 d5 {½-½ (31) Miton,K (2584)-Naiditsch,A (2705) Riadh 2017}) 7. Na3 $146 ({Predecessor:} 7. Nbd2 O-O 8. Re1 f6 9. Nf1 Re8 10. h4 Nf8 11. h5 Be6 12. Ng3 Qd7 13. Bd2 exd4 14. cxd4 {1-0 (42) Svetushkin,D (2568)-Bricard,E (2484) Evry 2008}) 7... O-O 8. Nc4 {White is slightly better.} exd4 9. cxd4 d5 10. exd5 Nf6 11. d6 cxd6 12. Bf4 d5 13. Ne3 Nh5 14. Bg5 f6 15. Bh4 Be6 16. Re1 g5 (16... Rc8 $11) 17. Bg3 $14 g4 18. Nd2 Nxg3 19. hxg3 f5 20. Nb3 Qd6 21. Nc5 Bc8 $1 22. Bc2 f4 23. Nxd5 $2 (23. gxf4 $11 {and White stays safe.} Qxf4 24. Nd3 Qxd4 25. g3) 23... fxg3 $19 24. fxg3 {[#]} Kh8 $1 {Hoping for ...Nf5.} 25. Ne3 ({But not} 25. Qd3 $2 Bf5 $19) 25... Qxg3 {aiming for ...Qf2+.} 26. Ne4 Qh4 (26... Qf4 $19 {...Nf5 is the strong threat.} 27. Nd5 Qf7) 27. g3 $17 Qh5 28. Re2 (28. Qd2 $17) 28... Nf5 ({Black should play} 28... Rf3 $19 29. Rh2 Qg6) 29. Rh2 Nxe3 (29... Qe8 $17 30. Nxg4 Bxd4+ {[%mdl 64] Double Attack} 31. Nef2 Qd7 32. Bxf5 Rxf5) 30. Rxh5 $11 Nxd1 31. Rxd1 Bf5 32. Rh2 Rad8 33. d5 Kg8 34. d6 b6 (34... Bxb2 $11 35. Bb3+ {[%mdl 64] Discovered Attack} Kg7) 35. Bb3+ $16 Kh8 36. Ng5 Rd7 {With the idea ...Be5.} 37. Rf2 (37. Re2 $16) 37... Rf6 $2 {[#]} (37... Bh6 $1 $14 38. Ne6 Bxe6 39. Bxe6 Be3 {[%mdl 64] Pin} 40. Bxd7 Rxf2) 38. Rdf1 $2 ({White should try} 38. Nf7+ $1 $18 {[%mdl 512]} Rdxf7 39. Bxf7 Rxf7 40. Rd5) 38... h6 $11 {The position is equal.} 39. Rxf5 ({Reject} 39. Nf7+ Rfxf7 40. Rxf5 (40. Bxf7 Bd4 $17) 40... Rxf5 $15) 39... Rxf5 40. Rxf5 hxg5 41. Rxg5 {Accuracy: White = 30%, Black = 51%.} 1/2-1/2

[Event "Lozovatsky Memorial-B 2020"]
[Site "Chelyabinsk"]
[Date "2020.01.20"]
[Round "6.9"]
[White "Somkin, Kirill"]
[Black "Ansat, Aldiyar"]
[Result "1-0"]
[WhiteElo "2121"]
[BlackElo "2263"]
[Annotator "ChessBase"]
[PlyCount "93"]
[EventDate "2020.01.15"]
[EventType "tourn"]
[EventCountry "RUS"]
[SourceTitle "playchess.com"]
[Source "ChessBase"]
[SourceQuality "1"]
[TimeControl "5400+30"]

1. e4 {[%emt 0:00:13]} c5 {[%emt 0:00:31]} 2. Nf3 {[%emt 0:00:12]} d6 {[%emt 0:00:07]} 3. d4 {[%emt 0:00:12]} cxd4 {[%emt 0:00:10]} 4. Qxd4 {[%emt 0:00:08]} a6 {[%emt 0:00:10]} 5. Be3 {[%emt 0:00:16]} Nc6 {[%emt 0:00:47]} 6. Qd2 {[%emt 0:00:07]} Nf6 {[%emt 0:00:08]} 7. Nc3 {[%emt 0:00:05]} b5 {[%emt 0:02:15]} 8. a4 {[%emt 0:11:19]} bxa4 {[%emt 0:06:11]} 9. Rxa4 {[%emt 0:01:43]} Bb7 {[%emt 0:01:31]} 10. Be2 {[%emt 0:16:17]} e6 {[%emt 0:05:00]} 11. O-O {[%emt 0:01:38]} Be7 {[%emt 0:02:30]} 12. Rfa1 {[%emt 0:04:22]} a5 {[%emt 0:05:00]} 13. Nd4 {[%emt 0:07:26]} O-O {[%emt 0:03:21]} 14. f3 {[%emt 0:16:14]} Nd7 {[%emt 0:13:54]} 15. Nxc6 {[%emt 0:06:45]} Bxc6 {[%emt 0:00:16]} 16. Bb5 {[%emt 0:00:19]} Ne5 {[%emt 0:07:31]} 17. Bxc6 {[%emt 0:03:00]} Nxc6 {[%emt 0:00:02]} 18. Nb5 {[%emt 0:00:19]} Qd7 {[%emt 0:10:46]} 19. c3 {[%emt 0:09:52]} Ne5 {[%emt 0:10:12]} 20. Nd4 {[%emt 0:04:13]} Rab8 {[%emt 0:07:16]} 21. Qe2 {[%emt 0:03:06]} Qb7 {[%emt 0:01:28]} 22. b4 {[%emt 0:02:37]} axb4 {[%emt 0:14:52]} 23. Ra7 {[%emt 0:00:02]} Qc8 {[%emt 0:00:08]} 24. Rxe7 {[%emt 0:03:34]} bxc3 {[%emt 0:00:08]} 25. Rea7 {[%emt 0:01:28]} Rb2 {[%emt 0:06:58]} 26. Nc2 {[%emt 0:00:20]} Qb8 {[%emt 0:00:55]} 27. R7a3 {[%emt 0:03:45]} Rb1+ {[%emt 0:00:42]} 28. Kf2 {[%emt 0:00:19]} Rxa1 29. Rxa1 {[%emt 0:00:23]} Qb2 {[%emt 0:00:52]} 30. Bd4 {[%emt 0:01:05]} Nc6 {[%emt 0:00:16]} 31. Rd1 {[%emt 0:01:03]} Ra8 {[%emt 0:00:56]} 32. Rd3 {[%emt 0:02:07]} Nxd4 {[%emt 0:00:05]} 33. Rxd4 {[%emt 0:00:27]} Qb6 {[%emt 0:00:27]} 34. Kg3 {[%emt 0:00:36]} h5 {[%emt 0:01:02]} 35. Qd3 {[%emt 0:00:35]} Ra2 {[%emt 0:00:27]} 36. Rc4 {[%emt 0:00:37]} h4+ {[%emt 0:00:28]} 37. Kh3 {[%emt 0:00:24]} Qf2 {[%emt 0:00:34]} 38. Rxc3 {[%emt 0:00:47]} Ra5 {[%emt 0:00:29]} 39. Qe3 {[%emt 0:00:47]} Qf1 {[%emt 0:00:24]} 40. Qd3 {[%emt 0:00:34]} Qf2 {[%emt 0:00:11]} 41. Qd4 {[%emt 0:00:33]} Qf1 {[%emt 0:00:39]} 42. Ne3 {[%emt 0:00:33]} Qh1 {[%emt 0:00:19]} 43. Qxd6 {[%emt 0:00:26]} Qe1 {[%emt 0:01:01]} 44. Qd8+ {[%emt 0:00:13]} Kh7 {[%emt 0:00:03]} 45. Qxa5 {[%emt 0:00:12]} g6 {[%emt 0:00:48]} 46. Ng4 {[%emt 0:00:15]} Qd2 {[%emt 0:00:21]} 47. Qe5 {[%emt 0:00:16]} 1-0

[Event "Lozovatsky Memorial-B 2020"]
[Site "Chelyabinsk"]
[Date "2020.01.20"]
[Round "6.10"]
[White "Mischuk, Dmitry"]
[Black "Scherbakov, Mikhail"]
[Result "1-0"]
[WhiteElo "2358"]
[BlackElo "2232"]
[Annotator "RC"]
[PlyCount "73"]
[EventDate "2020.01.15"]
[EventType "tourn"]
[EventCountry "RUS"]
[SourceTitle "playchess.com"]
[Source "ChessBase"]
[SourceQuality "1"]
[TimeControl "5400+30"]

1. d4 {[%emt 0:00:09]} Nf6 {[%emt 0:00:00]} 2. Nf3 {[%emt 0:00:18]} c5 {[%emt 0:00:00]} 3. d5 {[%emt 0:02:29]} b5 {[%emt 0:00:12]} 4. c4 {[%emt 0:00:41]} d6 {[%emt 0:03:58]} 5. cxb5 {[%emt 0:01:27]} a6 {[%emt 0:01:28]} 6. e3 {[%emt 0:00:35]} g6 {[%emt 0:02:09]} 7. Nc3 {[%emt 0:00:30]} Bg7 {[%emt 0:00:21]} 8. a4 {[%emt 0:00:37]} O-O {[%emt 0:01:14]} 9. Ra3 {[%emt 0:01:13]} Nbd7 {[%emt 0:02:10]} 10. h3 {[%emt 0:04:03]} a5 {[%emt 0:02:24]} 11. Be2 {[%emt 0:01:12]} Nb6 {[%emt 0:01:03]} 12. O-O {[%emt 0:03:55]} Bb7 {[%emt 0:00:10]} 13. e4 {[%emt 0:00:27]} e6 {[%emt 0:01:35]} 14. dxe6 {[%emt 0:01:33]} fxe6 {[%emt 0:00:18]} 15. e5 {[%emt 0:00:47]} Nfd5 {[%emt 0:00:47]} 16. Ne4 {[%emt 0:06:05]} Rxf3 {[%emt 0:12:36]} 17. Bxf3 {[%emt 0:02:10]} Bxe5 {[%emt 0:00:06]} 18. Qe2 {[%emt 0:02:29]} Qf8 {[%emt 0:01:04]} 19. Nxc5 {[%emt 0:01:29]} Bc8 {[%emt 0:07:42]} 20. Bg4 {[%emt 0:02:59]} Qf7 {[%emt 0:06:56]} 21. Ne4 {[%emt 0:02:16]} Ra7 {[%emt 0:02:32]} 22. Bh6 {[%emt 0:00:58]} Rc7 {[%emt 0:05:32]} 23. Rf3 {[%emt 0:02:31]} Nf6 {[%emt 0:01:58]} 24. Nxf6+ {[%emt 0:03:04]} Bxf6 {[%emt 0:00:06]} 25. Re1 {[%emt 0:01:40]} e5 {[%emt 0:01:17]} 26. Bxc8 {[%emt 0:00:07]} Rxc8 {[%emt 0:00:05]} 27. Bg5 {[%emt 0:00:44]} Nd7 {[%emt 0:01:17]} 28. Bxf6 {[%emt 0:02:56]} Nxf6 {[%emt 0:00:02]} 29. Qd2 {[%emt 0:00:34]} e4 {[%emt 0:05:59]} 30. Rf4 {[%emt 0:03:31]} Qe6 {[%emt 0:03:35]} 31. Qd4 {[%emt 0:00:27]} Rf8 {[%emt 0:00:06]} 32. b4 {[%emt 0:03:27]} axb4 {[%emt 0:01:06]} 33. Qxb4 {[%emt 0:01:39]} g5 {[%emt 0:02:57]} 34. Rfxe4 {[%emt 0:00:08]} Qf5 {[%emt 0:00:17]} 35. Qb3+ {[%emt 0:01:38]} d5 {[%emt 0:01:11]} 36. Re5 {[%emt 0:00:13]} Qf4 {[%emt 0:04:12]} 37. Qe3 {[%emt 0:00:38]} 1-0

[Event "Lozovatsky Memorial-B 2020"]
[Site "Chelyabinsk"]
[Date "2020.01.21"]
[Round "7.6"]
[White "Scherbakov, Mikhail"]
[Black "Frolov, Artiom"]
[Result "0-1"]
[WhiteElo "2232"]
[BlackElo "2336"]
[Annotator "TA"]
[PlyCount "102"]
[EventDate "2020.01.15"]
[EventType "tourn"]
[EventCountry "RUS"]
[SourceTitle "playchess.com"]
[Source "ChessBase"]
[SourceQuality "1"]

{[%evp 10,102,25,33,33,33,35,32,29,41,79,71,69,15,28,10,29,10,21,8,12,-16,-4,0,0,-50,-49,-57,-57,-61,-63,-215,-215,-289,-281,-291,-277,-285,-297,-332,-332,-325,-328,-349,-336,-356,-356,-352,-351,-353,-347,-301,-236,-235,-229,-263,-208,-185,-124,-261,-261,-248,-250,-243,-241,-289,-250,-1294,-1263,-1251,-1238,-1243,-1152,-1389,-1272,-1731,-1677,-1531,-1367,-7457,-5192,-29975,-29976,-29977,-29978,-29976,-29977,-29980,-29981,-29981,-29982,-29989,-29988,-29988,-29989]} 1. e4 c5 2. Nf3 Nc6 3. Bb5 e6 4. O-O Nge7 5. d4 cxd4 6. Nxd4 Nxd4 {B30: Sicilian: 2...Nc6 3 Bb5, lines without ...g6} (6... Qb6 7. Nxc6 bxc6 8. Bd3 Ng6 9. c4 Bc5 10. Nc3 Qc7 11. Kh1 e5 12. Na4 Bd4 13. c5 d6 14. Be3 dxc5 15. Nxc5 Bxb2 {0-1 (56) Adams,M (2712)-Adhiban,B (2668) Douglas 2018}) 7. Qxd4 a6 8. Be2 Nc6 {White is slightly better.} 9. Qc3 Qf6 10. Qxf6 gxf6 11. c4 (11. c3 $14) 11... Bc5 12. Nc3 d6 $146 ({Predecessor:} 12... b6 13. b3 Bb7 14. Bb2 {0-1 (32) Gmaj,K (2152)-Markowski,P (2174) Lazy 2012}) 13. Rd1 Bd7 14. a3 Ke7 15. b4 Ba7 16. Ra2 Rhd8 17. Kf1 Ne5 18. Bf4 Rac8 19. Bxe5 fxe5 20. Bd3 $2 {[#]} (20. Rc1 $15) 20... b5 $1 $19 {[%mdl 512]} 21. a4 {[%cal Ra4b5]} (21. cxb5 Rxc3) 21... bxc4 22. Bc2 Be8 23. b5 Bd4 24. Ne2 axb5 25. axb5 Bc5 ({Not} 25... Bxb5 26. Nxd4 exd4 27. Ra7+ Rd7 28. Ra5 $19) 26. Rb1 Ra8 27. Rxa8 Rxa8 28. Nc3 Bd4 29. Na4 Rb8 30. b6 Bxa4 31. Bxa4 Bxb6 {[%mdl 4096] Endgame KRB-KRB} 32. Bc6 f5 33. exf5 exf5 (33... d5 $19 {...Kd6 is the strong threat.} 34. fxe6 Kd6) 34. Rc1 (34. Ke2 $17 {might work better.}) 34... Bd4 35. Rxc4 Rb1+ 36. Ke2 Rb2+ 37. Kd3 Bxf2 38. Rc2 $2 (38. g4) 38... Rxc2 39. Kxc2 {KB-KB} Ke6 40. Bb7 d5 41. Kd3 e4+ 42. Ke2 Bg1 43. h4 Ke5 44. Bc8 f4 45. h5 h6 {Black mates.} 46. Ba6 d4 47. Kd2 d3 48. Kc3 Bd4+ 49. Kd2 Bb6 50. Bc8 Kd4 51. Bg4 f3 {Accuracy: White = 29%, Black = 84%.} 0-1

[Event "Lozovatsky Memorial-B 2020"]
[Site "Chelyabinsk"]
[Date "2020.01.21"]
[Round "7.7"]
[White "Ansat, Aldiyar"]
[Black "Mischuk, Dmitry"]
[Result "0-1"]
[WhiteElo "2263"]
[BlackElo "2358"]
[Annotator "TA"]
[PlyCount "78"]
[EventDate "2020.01.15"]
[EventType "tourn"]
[EventCountry "RUS"]
[SourceTitle "playchess.com"]
[Source "ChessBase"]
[SourceQuality "1"]

{[%evp 16,78,36,31,32,41,34,48,37,43,27,23,31,30,24,28,39,24,21,28,70,39,40,40,19,12,0,-5,0,-31,0,0,0,0,0,0,0,0,0,0,0,-21,-16,-71,0,0,0,-43,0,0,0,-220,-223,-197,-233,-450,-388,-760,-725,-1723,-1656,-29981,-29982,-29982,-29983]} 1. e4 d6 2. d4 Nf6 3. Nc3 e5 4. Nf3 Nbd7 5. Bc4 Be7 6. O-O O-O 7. Re1 c6 8. a4 a5 9. h3 Nb6 {C41: Philidor Defence} 10. Bb3 (10. Ba2 Nfd7 11. Be3 exd4 12. Bxd4 Nc5 13. Bxc5 dxc5 14. Qe2 Qd6 15. Rad1 Qg6 16. Ne5 Qg5 17. Nf3 Qg6 18. Ne5 Qg5 19. Nf3 Qg6 20. Ne5 Qg5 {½-½ (20) Fressinet,L (2650)-Ponomariov,R (2663) Germany 2019}) 10... Nfd7 11. Be3 exd4 {White is slightly better.} 12. Nxd4 Nc5 13. Qf3 Nxb3 14. cxb3 Re8 15. Rad1 Bf8 16. Qg3 {[#]} Be6 $146 ({Predecessor:} 16... Bd7 17. Bf4 {½-½ (27) Kadric,D (2554)-Delchev,A (2552) Skopje 2018}) 17. f4 Bc8 18. Qf2 Nd7 19. Nf5 Qc7 20. Bd4 f6 21. Qg3 Kh8 22. Ne3 Nc5 23. Nc4 Be6 24. f5 {Hoping for Bxc5.} Bxc4 $1 25. bxc4 {Black must now prevent Bxc5.} Qb6 26. Qf2 Qb4 27. Bxc5 dxc5 28. Rd7 Qxc4 29. Red1 (29. e5 $11 {remains equal.} Rad8 30. Rxb7) 29... b5 (29... Rab8 $17) 30. axb5 $11 cxb5 31. Qg3 b4 32. Nd5 Rad8 $36 {[%mdl 2048] Black has some pressure.} 33. Qc7 $2 (33. Nc7 $11 {and White stays safe.} Rxd7 34. Rxd7 Rxe4 {[#]} 35. Ne6 $1 {[%mdl 512]} Rxe6 36. fxe6 Qxe6 37. Qb8) 33... Rxd7 $19 34. Qxd7 Rxe4 {Threatens to win with ...Rd4.} ({Weaker is} 34... Qxe4 35. Nc7 $11) 35. Qf7 $2 (35. Qc8 {was necessary.} Kg8 36. Nc7) 35... Bd6 36. Qd7 $2 {[#]} (36. Qh5 Qb3 37. Qf3 Qxf3 38. gxf3) 36... Qe2 $1 {[%csl LRb2,LRd1]} 37. Rf1 Bg3 {( -> ...Qxf1+!)} 38. Ne3 Rxe3 39. Qd8+ Re8 {Accuracy: White = 38%, Black = 76%.} 0-1

[Event "Lozovatsky Memorial-B 2020"]
[Site "Chelyabinsk"]
[Date "2020.01.21"]
[Round "7.8"]
[White "Sitnikov, Anton"]
[Black "Somkin, Kirill"]
[Result "1-0"]
[WhiteElo "2406"]
[BlackElo "2121"]
[Annotator "NA RC"]
[PlyCount "103"]
[EventDate "2020.01.15"]
[EventType "tourn"]
[EventCountry "RUS"]
[SourceTitle "playchess.com"]
[Source "ChessBase"]
[SourceQuality "1"]
[TimeControl "5400+30"]

1. e4 {[%emt 0:02:36]} e5 {[%emt 0:00:00]} 2. Nc3 {[%emt 0:00:27]} Nf6 {[%emt 0:00:06]} 3. g3 {[%emt 0:00:10]} d5 {[%emt 0:06:29]} 4. exd5 {[%emt 0:00:21]} Nxd5 {[%emt 0:00:17]} 5. Bg2 {[%emt 0:00:09]} Nxc3 {[%emt 0:00:37]} 6. bxc3 {[%emt 0:00:09]} Bc5 {[%emt 0:01:02]} 7. Nf3 {[%emt 0:01:20]} Nc6 {[%emt 0:00:15]} 8. O-O {[%emt 0:00:13]} O-O {[%emt 0:00:27]} 9. Re1 {[%emt 0:00:33]} Bg4 {[%emt 0:05:25]} 10. h3 {[%emt 0:06:41]} Bh5 {[%emt 0:00:28]} 11. Qe2 {[%emt 0:05:05]} Re8 {[%emt 0:14:20]} 12. Qc4 {[%emt 0:07:05]} Bb6 {[%emt 0:09:54]} 13. g4 {[%emt 0:22:16]} Bg6 {[%emt 0:01:49]} 14. d3 {[%emt 0:00:24]} Kh8 {[%emt 0:07:43]} 15. Rb1 $11 {[%emt 0:23:50]} Na5 {[%emt 0:13:41]} 16. Qa4 {[%emt 0:00:56]} f6 {[%emt 0:00:46]} 17. Nh4 {[%emt 0:10:06]} Bf7 {[%emt 0:00:44]} 18. c4 {[%emt 0:00:38]} Nc6 {[%emt 0:16:48]} 19. Ba3 {[%emt 0:10:03]} Nd4 {[%emt 0:04:46]} 20. Bxb7 {[%emt 0:02:41]} Rb8 {[%emt 0:04:42]} 21. Bg2 {[%emt 0:00:06]} Ne6 {[%emt 0:00:04]} 22. Nf5 Nf4 23. Bf1 {[%emt 0:03:41]} g6 24. Ne3 c5 {[%emt 0:08:26]} 25. Qc6 {[%emt 0:01:06]} Rc8 {[%emt 0:00:00]} 26. Qf3 {[%emt 0:00:00]} Qd6 27. Ng2 Ne6 28. Qxf6+ Kg8 29. Bb2 Bd8 30. Qxe5 Qxe5 31. Bxe5 {[%emt 0:03:32]} Ng5 {[%emt 0:03:40]} 32. Nh4 {[%emt 0:00:05]} Nxh3+ {[%emt 0:02:44]} 33. Bxh3 {[%emt 0:00:06]} Bxh4 {[%emt 0:00:01]} 34. Re4 {[%emt 0:01:41]} Rc6 {[%emt 0:00:40]} 35. g5 {[%emt 0:00:41]} Bxg5 {[%emt 0:00:42]} 36. Bd7 {[%emt 0:00:05]} Ra6 {[%emt 0:00:45]} 37. Bxe8 {[%emt 0:00:06]} Bxe8 {[%emt 0:00:01]} 38. Rb8 {[%emt 0:00:06]} Kf7 {[%emt 0:00:06]} 39. Rb7+ {[%emt 0:00:13]} Kg8 {[%emt 0:00:27]} 40. Rb8 {[%emt 0:00:59]} Kf7 {[%emt 0:00:03]} 41. Rxe8 {[%emt 0:01:29]} Kxe8 {[%emt 0:00:10]} 42. Bf6+ {[%emt 0:00:04]} Kd7 {[%emt 0:00:20]} 43. Bxg5 {[%emt 0:00:03]} Rxa2 {[%emt 0:00:05]} 44. Re7+ {[%emt 0:00:07]} Kd6 {[%emt 0:00:10]} 45. Rxh7 {[%emt 0:00:05]} a5 {[%emt 0:00:12]} 46. Be7+ {[%emt 0:00:17]} Ke6 {[%emt 0:00:16]} 47. Bxc5 {[%emt 0:00:06]} Rxc2 {[%emt 0:00:12]} 48. Ra7 {[%emt 0:00:03]} Ra2 {[%emt 0:00:06]} 49. d4 {[%emt 0:00:07]} Kf5 {[%emt 0:00:12]} 50. d5 Kg4 {[%emt 0:00:05]} 51. d6 {[%emt 0:00:21]} Kh3 {[%emt 0:00:12]} 52. Rh7+ {[%emt 0:00:00]} 1-0

[Event "Lozovatsky Memorial-B 2020"]
[Site "Chelyabinsk"]
[Date "2020.01.21"]
[Round "7.9"]
[White "Tsvetkov, Pavel"]
[Black "Nugumanov, Bakhtiyar"]
[Result "0-1"]
[WhiteElo "2190"]
[BlackElo "2389"]
[Annotator "TA"]
[PlyCount "98"]
[EventDate "2020.01.15"]
[EventType "tourn"]
[EventCountry "RUS"]
[SourceTitle "playchess.com"]
[Source "ChessBase"]
[SourceQuality "1"]

{[%evp 9,98,0,0,0,0,0,0,8,11,-12,-10,-11,-11,-7,-13,-13,-12,-15,-6,-38,-38,-47,-14,-43,-40,-52,-42,-57,-45,-137,-133,-137,-137,-141,-142,-140,-84,-120,-96,-201,-199,-187,-176,-189,-207,-194,-212,-241,-266,-278,-270,-274,-276,-276,-276,-272,-248,-275,-281,-314,-308,-315,-310,-324,-295,-398,-393,-403,-359,-325,-316,-437,-320,-420,-337,-310,-260,-475,-397,-1820,-1792,-2303,-2538,-2047,-2401,-3481,-3600,-29989,-29990,-29990,-29991]} 1. e4 e6 2. Nc3 d5 3. Nf3 Nf6 4. e5 Nfd7 5. Ne2 c5 6. c3 {C00: French: Unusual White 2nd moves.} c4 {was the old line (6...b6).} 7. d4 cxd3 8. Ned4 {The position is equal.} Nc6 9. Nxc6 (9. Qxd3 Ndxe5 10. Nxe5 Nxe5 $15) (9. Bf4 {is interesting.} Nc5 10. Bxd3 Nxd3+ 11. Qxd3 Be7 12. O-O) 9... bxc6 10. Bxd3 a5 11. O-O Ba6 12. Bxa6 Rxa6 13. Ng5 Be7 14. Qh5 {[%csl Gg5][%cal Rh5f7]} g6 15. Qe2 Ra8 16. Nh3 Qb6 17. Bg5 Qb5 18. Qe3 Bc5 $36 {[%mdl 2048] Black has good play.} 19. Qg3 {[#]} (19. Qf4 $15) 19... h6 $1 $17 {[%cal Rh6g5]} 20. Bf6 Nxf6 21. exf6 {[#]} Qb8 $1 22. Qh4 Qe5 ({Black should try} 22... Qxb2 23. Qa4 Qb5) 23. Rfe1 Qf5 24. b4 {[#]} (24. Kh1 $17) 24... Bb6 $146 ({Predecessor:} 24... Bd6) 25. c4 Bd8 26. Qg3 {With the idea Qd6.} O-O ({Don't do} 26... Qxf6 27. b5 $15) (26... axb4 27. Qd6 $17) 27. cxd5 exd5 28. b5 cxb5 ({Resist} 28... Bxf6 29. Rab1) 29. Nf4 Bxf6 ({Inferior is} 29... Bc7 30. Nxg6 Qxg6 31. Qxc7 $11) 30. Rad1 d4 31. Qf3 h5 32. h3 Rad8 33. g4 Qg5 34. Kf1 hxg4 35. hxg4 Bg7 36. Re4 Rfe8 37. Rde1 Rxe4 38. Rxe4 b4 39. Nd3 Rc8 40. Rf4 Qe7 41. Qd5 Qc7 42. Rf3 Rd8 43. Qb3 $2 (43. Rxf7 {keeps fighting.} Qc1+ 44. Nxc1 Rxd5 45. Rf3) 43... Qb7 44. Nf4 $2 {[#]} (44. Nc5 Qe7 45. Nd3) 44... a4 $1 {[%cal Ba5a4,Ba4a3,Ba3a2][%mdl 32]} 45. Qd3 {[#]} (45. Qxa4 Qxf3) 45... b3 $1 {[%mdl 64] Promotion} 46. axb3 a3 47. Qd1 a2 48. Rd3 Qh1+ 49. Ke2 Re8+ {Accuracy: White = 52%, Black = 88%.} 0-1

[Event "Lozovatsky Memorial-B 2020"]
[Site "Chelyabinsk"]
[Date "2020.01.21"]
[Round "7.10"]
[White "Tologontegin, Semetey"]
[Black "Simantsev, Mikhail"]
[Result "1-0"]
[WhiteElo "2355"]
[BlackElo "2370"]
[Annotator "TA"]
[PlyCount "63"]
[EventDate "2020.01.15"]
[EventType "tourn"]
[EventCountry "RUS"]
[SourceTitle "playchess.com"]
[Source "ChessBase"]
[SourceQuality "1"]

{[%evp 11,63,24,14,11,95,120,272,268,351,361,341,353,347,347,315,183,174,175,191,171,172,85,103,96,169,141,256,249,238,226,304,302,367,372,377,374,367,366,350,362,535,546,568,569,750,750,792,811,795,790,764,716,1221,1184]} 1. Nf3 Nf6 2. c4 e6 3. Nc3 Bb4 4. Qc2 c5 5. a3 Ba5 6. e3 O-O 7. Be2 {A17: English Opening: 1...Nf6 with ...Bb4} b6 $146 {[#]} (7... d5 $11 {keeps the balance.}) ({Predecessor:} 7... Nc6 8. O-O e5 9. b3 d6 10. Bb2 Bg4 11. Nd5 Nxd5 12. cxd5 Nb8 13. Nd4 cxd4 14. Bxg4 Bb6 {½-½ (41) Svane,R (2552)-Sargissian,G (2670) Douglas 2016}) 8. Na2 $1 $16 {Hoping for b4.} Qe7 $2 {[#]} (8... b5 $16 {is a better defense.}) 9. b4 $1 $18 {[%mdl 512] White has a decisive advantage.} cxb4 10. axb4 Bxb4 11. Nxb4 Qxb4 12. Ba3 Qa5 13. Nd4 (13. g4 $142) 13... Bb7 14. Qb2 Qg5 15. Bxf8 Kxf8 16. Bf3 (16. Qa3+ $18 {has better winning chances.} Kg8 17. Nf3) 16... Bxf3 $16 17. gxf3 Nc6 (17... Qc5 $16) 18. Qa3+ Kg8 (18... Ne7 $16 19. Ke2 e5) 19. Nxc6 $18 dxc6 20. Qd6 Rc8 21. Ke2 ({Less strong is} 21. Rxa7 Qg2 $16) 21... a5 22. Rhb1 Qh4 23. d3 b5 24. Rxa5 {Qxc6! is the strong threat.} h6 25. Rc1 b4 (25... Re8 $142 26. cxb5 cxb5 27. Rxb5 Qa4) 26. Rb1 {White is clearly winning.} c5 27. Rxc5 Rxc5 28. Qxc5 Qxh2 29. Qxb4 Kh7 30. Qb8 Qh5 31. Rb7 Ng8 32. Qf8 {Accuracy: White = 82%, Black = 26%.} 1-0

[Event "Lozovatsky Memorial-B 2020"]
[Site "Chelyabinsk"]
[Date "2020.01.22"]
[Round "8.5"]
[White "Frolov, Artiom"]
[Black "Simantsev, Mikhail"]
[Result "0-1"]
[WhiteElo "2336"]
[BlackElo "2370"]
[Annotator "TA"]
[PlyCount "78"]
[EventDate "2020.01.15"]
[EventType "tourn"]
[EventCountry "RUS"]
[SourceTitle "playchess.com"]
[Source "ChessBase"]
[SourceQuality "1"]

{[%evp 21,78,0,20,0,31,0,0,0,0,8,6,-36,-37,-51,-48,-73,-41,-48,-56,-56,-52,-47,-57,-61,-78,-130,-115,-130,-120,-127,-131,-152,-131,-349,-356,-345,-352,-394,-359,-446,-451,-445,-435,-411,-420,-581,-554,-726,-699,-653,-643,-1218,-1212,-29980,-29968,-29987,-29978,-29991,-29992]} 1. Nf3 Nf6 2. c4 b6 3. g3 Bb7 4. Bg2 e6 5. O-O Be7 6. b3 O-O 7. Bb2 d5 8. e3 dxc4 9. bxc4 c5 10. Nc3 Nc6 11. Qe2 Rc8 12. d3 {A14: English Opening: 1...e6 with b3 by White} (12. Rad1 Qc7 13. Ne1 Ne8 14. f4 Nd6 15. Nf3 a6 16. a4 f5 17. d3 Bf6 18. h3 Nb4 19. g4 g6 {1-0 (31) Artemiev,V (2709)-Nakamura,H (2749) Caleta 2019}) 12... Qd7 13. Ne1 Rfd8 14. f4 {The position is equal.} a6 15. g4 Ne8 16. Ne4 $146 ({Predecessor:} 16. a4 Nb4 17. Bxb7 Qxb7 18. g5 Nd6 19. Rf3 Nf5 {1-0 (41) Kristensen,B (2212)-Keinanen,T (2403) Borgarnes 2019}) 16... b5 17. f5 Nb4 18. a3 Nxd3 19. fxe6 $1 Qxe6 20. Nxd3 Bxe4 21. Nf4 $1 {[%cal Rf4e6]} Qc6 $1 {Strongly threatening ...Bxg2.} 22. Nd5 $1 {[%cal Rd5e7]} Bxd5 23. Bxd5 ({White should try} 23. cxd5 Qg6 24. e4) 23... Rxd5 $17 24. cxd5 Qxd5 25. e4 Qe6 26. Rf5 c4 {[#] And now ...c3 would win.} 27. Raf1 $2 (27. Qf3 $17) 27... c3 $19 28. Bc1 Nd6 29. R5f4 Bg5 30. R4f2 Bxc1 31. Rxc1 {intending e5.} Nxe4 32. Rf4 Rc4 33. Qd3 {[#] Threatening mate with Qd8+.} g6 34. Rc2 Qb6+ 35. Kg2 Rd4 36. Qf3 Ng5 37. Qg3 Qc6+ {Black mates.} 38. Kf1 Qh1+ 39. Ke2 Qd1+ {[%mdl 64] Double Attack. Accuracy: White = 35%, Black = 91%.} 0-1